Guess the country by administrative province - Statistics

General Stats
  • This quiz has been taken 18 times
  • The average score is 24 of 35
Answer Stats
Hint Answer % Correct
Nunavut Canada
100%
North Ireland UK
100%
North Dakota USA
100%
Odisha India
94%
Guerrero Mexico
94%
Lori Armenia
88%
Styria Austria
88%
Jewish Autonomous Russia
88%
Karakalpakstan Uzbekistan
88%
Central Transdanubia Hungary
82%
Xiangkhouang Laos
76%
Ghor Afghanistan
71%
Wasit Iraq
71%
Calarasi Moldova
71%
Huanuco Peru
71%
Beja Portugal
71%
Pazardzhik Bulgaria
65%
Holguin Cuba
65%
Sucumbios Ecuador
65%
Banten Indonesia
65%
Jabal al Gharbi Libya
65%
Tov Mongolia
65%
Delta Nigeria
65%
Ad Dakhiliyah Oman
65%
Namibe Angola
59%
Corozal Belize
59%
Beqaa Lebanon
59%
Waikato New Zeeland
59%
Chagang North Korea
59%
Khatlon Tajikistan
59%
Pando Bolivia
47%
Canindeyu Paraguay
47%
Iringa Tanzania
47%
Vysoсina Czechia
41%
Les Moneghetti Monaco
35%
No matching quizzes found
Score Distribution
Percent of People with Each Score
Percentile by Number Answered
Your Score History
You have not taken this quiz